000 00736nam a2200289Ia 4500
005 20260324145059.0
008 008 260324s9999 xx 000 0 eng d
020 _a9781003631040
037 _aEBOOK
040 _aCRL
040 _beng
040 _cCRL
041 _2eng
041 _aeng
084 _qCRL
100 _aTom R. Burns; Thomas Baumgartner; Philippe DeVille
_91221679
245 0 _aMan, Decisions, Society
245 4 _bThe Theory of Actor-System Dynamics for Social Scientists
260 _bTaylor and Francis
260 _c1985
365 _a
365 _b165
856 _uhttp://www.taylorfrancis.com/books/9781003631040
942 _cEBOOK
999 _c1829097
_d1829097